000 004100000a22001690004500
003 MACL
005 20151229165834.0
008 151229b xxu||||| |||| 00| 0 eng d
040 _aMACL
_cMACL
041 _aEnglish
082 _a235/HUT
100 _aHutchison, William G
_924335
245 _aRenan's Antichrist
260 _bWalter Scott Ltd
650 _aChristianity
_924229
942 _cBK
_k235/HUT
_2ddc
999 _c36899
_d36899